[Event "Ukrainian Championship Club's Teams"]
[Site "Alushta"]
[Date "2008.05.24"]
[Round "4.4"]
[White "Kononenko, Dmitry"]
[Black "Razin, Vadim"]
[Result "1-0"]
[WhiteElo "2485"]
[BlackElo "2270"]
[PlyCount "117"]
[EventDate "2008.05.21"]

1. e4 e6 2. d4 d5 3. e5 c5 4. c3 Nc6 5. Nf3 Qb6 6. a3 Bd7 7. b4 cxd4 8. cxd4
Rc8 9. Bb2 Nge7 10. Nc3 Na5 11. Na4 Qc6 12. Nc5 Nc4 13. Qb3 b6 14. Nxd7 Qxd7
15. Bd3 Nc6 16. Bc3 b5 17. O-O Be7 18. a4 a6 19. a5 Kd8 20. Rad1 Kc7 21. Be2
Kb7 22. Ne1 Qc7 23. Nd3 Ka8 24. Kh1 h5 25. Rc1 $11 Qa7 26. Nc5 Bxc5 27. dxc5
N4xe5 28. f4 Nc4 29. Bxg7 Rhg8 30. Bc3 Rcd8 31. Bxh5 d4 32. Bf3 Qc7 33. Be1 Ka7
34. Qd3 f5 35. Rxc4 bxc4 36. Qxc4 e5 37. Bd5 Rg7 38. fxe5 Nxe5 39. Qxd4 Nc6 40.
Qc4 Rg4 41. Qa2 Nxb4 42. Bxb4 Rxb4 43. c6 Rb5 44. Qf2+ Ka8 45. Bf3 Rxa5 46. Rb1
Rb5 47. Rxb5 axb5 48. Qa2+ Kb8 49. Qa6 f4 50. Qxb5+ Ka7 51. Qb7+ Qxb7 52. cxb7
Rd4 53. h4 Kb8 54. Kh2 Kc7 55. Kh3 Rb4 56. Kg4 Kd6 57. Kf5 Ke7 58. Be4 Kf7 59.
Kxf4 1-0

[Event "Ukrainian Championship Club's Teams"]
[Site "Alushta"]
[Date "2008.05.25"]
[Round "5.1"]
[White "Serik, Maxim"]
[Black "Nyzhnyk, Illya"]
[Result "1-0"]
[WhiteElo "2258"]
[BlackElo "2397"]
[PlyCount "97"]
[EventDate "2008.05.21"]

1. d4 d5 2. c4 dxc4 3. Nf3 Nf6 4. Nc3 a6 5. a4 Nc6 6. e4 Na5 7. Ne5 e6 8. Nxc4
Bb4 9. Nxa5 Bxa5 10. Bd3 O-O 11. Be3 e5 12. dxe5 Ng4 13. Bc5 Nxe5 14. Be2 Qxd1+
15. Rxd1 Bxc3+ 16. bxc3 Re8 17. f3 f5 18. exf5 Bxf5 19. Kf2 Bc2 20. Rd4 Rad8
21. Rc1 Bg6 22. Rcd1 Rxd4 23. Rxd4 Bf5 24. h3 Be6 25. f4 Nc6 26. Rd2 Rd8 27.
Rb2 b6 28. Be3 a5 29. g4 g6 30. Bf3 Bd5 31. Bxd5+ Rxd5 32. c4 Rd8 33. c5 Nb4
34. Kf3 bxc5 35. Bxc5 Nd3 36. Rd2 Rd7 37. Be3 c5 38. Ke4 c4 39. Rc2 Rc7 40. Bb6
Re7+ 41. Kd4 Nxf4 42. Rxc4 Rd7+ 43. Ke5 g5 44. Bxa5 Kf7 $11 45. Rc7 Ke7 46.
Rxd7+ Kxd7 47. Bd2 Nxh3 48. Be3 Kc6 49. Ke4 1-0

[Event "Ukrainian Championship Club's Teams"]
[Site "Alushta"]
[Date "2008.05.25"]
[Round "5.2"]
[White "Voronov, Yuri"]
[Black "Zubarev, Alexander"]
[Result "1/2-1/2"]
[WhiteElo "2218"]
[BlackElo "2510"]
[PlyCount "83"]
[EventDate "2008.05.21"]

1. e4 c5 2. Nf3 Nc6 3. Bb5 d6 4. O-O Bd7 5. c3 a6 6. Ba4 Nf6 7. Re1 b5 8. Bc2
Bg4 9. h3 Bh5 10. d3 e6 11. Nbd2 Be7 12. a4 Rc8 13. axb5 axb5 14. Qe2 O-O 15.
g4 Bg6 16. Nh4 Nd7 17. Nxg6 hxg6 18. f4 g5 19. Nf3 gxf4 20. Bxf4 Nde5 21. Bh2
Bf6 22. Bf4 b4 23. Nxe5 Bxe5 24. Bd2 Qb6 25. Kg2 Ra8 26. Ba4 Na5 27. Bd1 bxc3
28. bxc3 Qb2 29. Rc1 Nc6 30. Rc2 Qb7 31. h4 Ra3 32. g5 c4 33. dxc4 Qb3 34. Qg4
Ra2 35. Rxa2 Qxa2 36. Re2 Qxc4 37. Be1 f5 38. gxf6 Bxf6 39. Qh3 Ne5 40. Re3 Ng6
41. Qg4 Ne5 42. Qe2 $11 1/2-1/2

[Event "Ukrainian Championship Club's Teams"]
[Site "Alushta"]
[Date "2008.05.25"]
[Round "5.3"]
[White "Oleksienko, Mikhailo"]
[Black "Razin, Vadim"]
[Result "1-0"]
[WhiteElo "2592"]
[BlackElo "2270"]
[PlyCount "73"]
[EventDate "2008.05.21"]

1. e4 e6 2. d4 d5 3. Nd2 Nf6 4. e5 Nfd7 5. Bd3 c5 6. c3 Nc6 7. Ne2 cxd4 8. cxd4
f6 9. exf6 Nxf6 10. O-O Bd6 11. Nf3 O-O 12. Bf4 Bxf4 13. Nxf4 Ne4 14. Ne2 Ng5
15. Ne5 Nxe5 16. dxe5 Qb6 17. Ng3 Nf7 18. Qh5 Nh6 19. Qg5 Nf7 20. Qh4 h6 21.
Nh5 Qd8 22. Qg3 Qg5 23. Qxg5 hxg5 24. Rae1 Bd7 25. f4 Be8 26. fxg5 Nxg5 27. Nf4
Bd7 28. Ng6 Rxf1+ 29. Rxf1 Nf7 30. Ne7+ Kf8 31. Bg6 Be8 32. Nxd5 exd5 33. e6 d4
34. exf7 Bc6 35. Re1 Rd8 36. Kf2 d3 37. Re8+ 1-0

[Event "Ukrainian Championship Club's Teams"]
[Site "Alushta"]
[Date "2008.05.25"]
[Round "5.3"]
[White "Melkumyan, Hrant"]
[Black "Pastukhov, Igor"]
[Result "1/2-1/2"]
[WhiteElo "2534"]
[BlackElo "2273"]
[PlyCount "161"]
[EventDate "2008.05.21"]

1. c4 e6 2. Nf3 Nf6 3. g3 d5 4. d4 c5 5. Bg2 cxd4 6. O-O Nc6 7. cxd5 Nxd5 8.
Nxd4 Be7 9. Nxc6 bxc6 10. Bd2 Qb6 11. Qc2 O-O 12. Nc3 Ba6 13. Rac1 Nxc3 14.
Bxc3 Rac8 15. Bf3 Rfd8 16. Rfd1 c5 17. Rxd8+ Rxd8 18. Rd1 Rxd1+ 19. Qxd1 Bb5
20. Qd2 Qd6 21. Qc2 f5 22. g4 fxg4 23. Be4 Bf6 24. Bxh7+ Kf8 25. Be4 Bxc3 26.
bxc3 Bc4 27. Kg2 Qe5 28. a3 Ke7 29. e3 Kf6 30. Kg1 Bd5 31. Bd3 Bc6 32. Bh7 Ke7
33. Qd3 Bf3 34. Qc4 g5 35. Bd3 Kf6 36. Bf1 Qd5 37. Qa4 Qd1 38. Qxd1 Bxd1 39.
Bb5 Bf3 40. Kf1 Ke5 41. Ke1 Kd6 42. Kd2 e5 43. Kc2 Kc7 44. Be8 Kd6 45. Bg6 e4
46. Bf5 Ke5 47. Bd7 Kd6 48. Bc8 Ke5 49. Kb3 Kd6 50. Ka4 Kc7 51. Bf5 Kb6 52. Kb3
Kc6 53. Bg6 Bd1+ 54. Kb2 Bf3 55. Kc2 Kb5 56. Be8+ Kc4 57. Bc6 Bh1 58. Bb7 Bf3
59. Bc8 Kb5 60. Bd7+ Kc4 61. h3 gxh3 62. Bxh3 Kd5 63. Bf1 Bh5 64. Bb5 Bg4 65.
Ba4 Be2 66. Kb2 Kc4 67. Bb3+ Kd3 68. Bc2+ Kd2 69. Bxe4 g4 70. Bf5 Ke1 71. Kb3
Kxf2 72. Bxg4 Bxg4 73. Kc4 Kxe3 74. Kxc5 Kd3 75. Kb4 Be6 76. Kb5 Bc4+ 77. Kb4
a6 78. a4 Be6 79. Ka5 Bc8 80. Kb4 Bb7 81. Ka3 1/2-1/2

[Event "Ukrainian Championship Club's Teams"]
[Site "Alushta"]
[Date "2008.05.25"]
[Round "5.3"]
[White "Chulivska, Vita"]
[Black "Popov, Sergey A"]
[Result "1-0"]
[WhiteElo "2267"]
[BlackElo "2129"]
[PlyCount "83"]
[EventDate "2008.05.21"]

1. e4 c6 2. d4 d5 3. e5 Bf5 4. Nf3 e6 5. Be2 Ne7 6. O-O Nd7 7. Nbd2 Qc7 8. Re1
a6 9. b3 c5 10. Bb2 Nc6 11. c4 dxc4 12. Nxc4 Rd8 13. d5 exd5 14. Nd6+ Bxd6 15.
exd6 Qxd6 16. Bd3+ Be6 17. Bxg7 Rg8 18. Bh6 Ne7 19. Bxh7 Rh8 20. Qc2 Nf8 21.
Ng5 Kd7 22. Bg7 Nxh7 23. Nxh7 Nf5 24. Nf6+ Kc6 25. Bxh8 Rxh8 26. g3 Nd4 27. Qc3
Bf5 28. Rac1 Nb5 29. Qe3 Be6 30. a4 Nc7 31. Rxc5+ Qxc5 32. Rc1 Qxc1+ 33. Qxc1+
Kd6 34. Qf4+ Kc6 35. Qc1+ Kd6 36. b4 Rc8 37. Qc5+ Ke5 38. Qe7 Kd4 39. Nd7 Ne8
40. Nc5 b6 41. Nxe6+ fxe6 42. Qxe6 1-0

[Event "Ukrainian Championship Club's Teams"]
[Site "Alushta"]
[Date "2008.05.25"]
[Round "5.4"]
[White "Andreev, Eduard"]
[Black "Khadzh Khamed, Naser"]
[Result "1-0"]
[WhiteElo "2459"]
[BlackElo "2000"]
[PlyCount "68"]
[EventDate "2008.05.21"]

1. e4 e5 2. Nf3 Nc6 3. d4 exd4 4. Nxd4 Qf6 5. Nxc6 dxc6 6. Bd3 Be6 7. O-O O-O-O
8. Nc3 h5 9. Be3 g5 10. Qd2 Be7 11. Ne2 Kb8 12. f4 g4 13. e5 Qh6 14. f5 Bc5 15.
Nf4 Bxe3+ 16. Qxe3 Bc8 17. Rae1 Re8 18. Qd4 h4 19. e6 c5 20. Qxc5 b6 21. Qd4 h3
22. g3 Nf6 23. exf7 Rd8 24. Qe3 Qf8 25. Qe7 Qh6 26. Qe3 Qf8 27. Ng6 Qd6 28.
Nxh8 Bb7 29. Qe7 Qd5 30. Qxd8+ Qxd8 31. Ng6 Qd4+ 32. Rf2 Nd7 33. Re8+ Bc8 34.
Ne7 Nf8 1-0

[Event "Ukrainian Championship Club's Teams"]
[Site "Alushta"]
[Date "2008.05.25"]
[Round "6.1"]
[White "Ivanov, Andrey A"]
[Black "Shilin, Denis"]
[Result "1-0"]
[WhiteElo "2360"]
[BlackElo "2405"]
[PlyCount "57"]
[EventDate "2008.05.21"]

1. e4 e5 2. Nf3 Nc6 3. Bb5 Bc5 4. c3 f5 5. d4 fxe4 6. Nxe5 Nxe5 7. dxc5 Qe7 8.
Be3 Nf6 9. O-O O-O 10. Nd2 Neg4 11. Bd4 d6 12. cxd6 Qxd6 13. g3 Kh8 14. Be2 c5
15. Nc4 Qe6 16. Bxc5 Bd7 17. Bxf8 Rxf8 18. Qd6 Qe8 19. f3 Nh6 20. fxe4 Nf7 21.
Qd4 Ng5 22. e5 Bc6 23. h4 Ne6 24. Qd3 Ne4 25. Nd6 Qg6 26. Rxf8+ Nxf8 27. Rf1
Nd7 28. Nxe4 Bxe4 29. Qe3 1-0

[Event "Ukrainian Championship Club's Teams"]
[Site "Alushta"]
[Date "2008.05.25"]
[Round "6.1"]
[White "Grigoriv, Mikhail"]
[Black "Dmitrenko, Viktor"]
[Result "0-1"]
[WhiteElo "2339"]
[BlackElo "2352"]
[PlyCount "84"]
[EventDate "2008.05.21"]

1. Nf3 Nf6 2. g3 b5 3. Bg2 Bb7 4. O-O e6 5. d3 d5 6. Nbd2 Be7 7. e4 c5 8. e5
Nfd7 9. Re1 Nc6 10. c3 Qc7 11. Qe2 b4 12. c4 Nb6 13. h4 Rd8 14. b3 a5 15. Nf1
O-O 16. Bf4 a4 17. N1h2 Nd4 18. Nxd4 cxd4 19. Ng4 dxc4 20. bxc4 Bxg2 21. Kxg2
Qb7+ 22. Kg1 Nd7 23. Bg5 Nc5 24. Bxe7 Qxe7 25. f4 Rb8 26. Nf2 b3 27. axb3 axb3
28. Qb2 Rfd8 29. Ra5 Qc7 30. Qa3 Rdc8 31. Rb1 Qc6 32. Rb2 h5 33. Kh2 Ra8 34.
Qb4 Rxa5 35. Qxa5 Ra8 36. Qd2 Ra1 37. Qe2 Qb7 38. Ne4 Na4 39. Rd2 b2 40. Qxh5
b1=Q 41. g4 Qh1+ 42. Kg3 Rg1+ 0-1

[Event "Ukrainian Championship Club's Teams"]
[Site "Alushta"]
[Date "2008.05.25"]
[Round "6.1"]
[White "Kononenko, Dmitry 2"]
[Black "Pastukhov, Igor"]
[Result "1/2-1/2"]
[WhiteElo "2210"]
[BlackElo "2273"]
[PlyCount "101"]
[EventDate "2008.05.21"]

1. e4 c6 2. d4 d5 3. exd5 cxd5 4. c4 Nf6 5. Nc3 Nc6 6. Nf3 Bg4 7. cxd5 Nxd5 8.
Qb3 Bxf3 9. gxf3 e6 10. Qxb7 Nxd4 11. Bb5+ Nxb5 12. Qc6+ Ke7 13. Qxb5 Qd7 14.
Nxd5+ Qxd5 15. Qxd5 exd5 16. Be3 Ke6 17. Bd4 f6 18. Ke2 Bd6 19. Rac1 Rhc8 20.
Kd3 a6 21. h3 g5 22. Rce1+ Be5 23. h4 h6 24. hxg5 hxg5 25. f4 gxf4 26. Rh6 Kf5
27. Bxe5 fxe5 28. Rh5+ Kg4 29. Rexe5 Rc1 30. Rh2 Rac8 31. Reh5 Re8 32. R5h4+
Kf5 33. Rh5+ Kg4 34. R5h4+ Kf5 35. Rh6 Ree1 36. f3 Red1+ 37. Rd2 Rxd2+ 38. Kxd2
Rf1 39. Rxa6 Rf2+ 40. Kc3 Ke5 41. b4 Rxf3+ 42. Kc2 Kd4 43. b5 Re3 44. a4 Kc4
45. Rc6+ Kb4 46. b6 Re8 47. Kd3 Kxa4 48. Rf6 Kb5 49. Kd4 Rb8 50. Kxd5 Rxb6 51.
Rxf4 1/2-1/2

[Event "Ukrainian Championship Club's Teams"]
[Site "Alushta"]
[Date "2008.05.25"]
[Round "6.2"]
[White "Vysochin, Spartak"]
[Black "Zubarev, Alexander"]
[Result "1/2-1/2"]
[WhiteElo "2521"]
[BlackElo "2510"]
[PlyCount "21"]
[EventDate "2008.05.21"]

1. e4 c5 2. Nf3 Nc6 3. Bb5 g6 4. O-O Bg7 5. Re1 e5 6. Bxc6 dxc6 7. d3 Qe7 8.
Nbd2 Nf6 9. Nc4 Nd7 10. a3 O-O 11. b4 $11 1/2-1/2

[Event "Ukrainian Championship Club's Teams"]
[Site "Alushta"]
[Date "2008.05.25"]
[Round "6.3"]
[White "Stoockalov, Vladimir L"]
[Black "Romanchuk, Viktor"]
[Result "1-0"]
[WhiteElo "2295"]
[BlackElo "2295"]
[PlyCount "145"]
[EventDate "2008.05.21"]

1. e4 e6 2. d4 d5 3. e5 c5 4. c3 Nc6 5. Nf3 Bd7 6. dxc5 Bxc5 7. Bd3 Nge7 8. b4
Bb6 9. Bf4 Ng6 10. Bg3 f5 11. exf6 Qxf6 12. O-O Nf4 13. Bh4 Qf8 14. b5 Ne7 15.
Ne5 O-O-O 16. a4 g5 17. Bg3 h5 18. Re1 h4 19. Bxf4 Qxf4 20. Qf3 Rdf8 21. Ra2
Be8 22. Qxf4 gxf4 23. h3 Bc7 24. Nd2 Bh5 25. Ndf3 Bxe5 26. Nxe5 f3 27. g4 hxg3
28. fxg3 Rfg8 29. g4 Bg6 30. Bxg6 Nxg6 31. Nxg6 Rxg6 32. Rh2 Kd7 33. Re3 Rf8
34. Rf2 Rf4 35. Kh2 Rxa4 36. Kg3 a5 37. bxa6 bxa6 38. Rfxf3 a5 39. Kh4 Ra1 40.
Kh5 Rg8 41. Rf7+ Kd6 42. Ra7 a4 43. g5 a3 44. Ra6+ Kc5 45. Rexe6 Kc4 46. Re3
Rg1 47. h4 Kb3 48. c4+ Kxc4 49. Ra4+ Kc5 50. Rc3+ Kb5 51. Rcxa3 Rh8+ 52. Kg6
Rh1 53. Ra5+ Kc6 54. Rc3+ Kd6 55. Rd3 R1xh4 56. Raxd5+ Ke6 57. Rd8 Rxd8 58.
Rxd8 Ke7 59. Ra8 Rg4 60. Rg8 Rg1 61. Kh7 Kf7 62. g6+ Ke7 63. Kg7 Rg2 64. Ra8
Rg1 65. Ra6 Rg2 66. Kg8 Rg1 67. g7 Rh1 68. Ra2 Rh3 69. Re2+ Kd7 70. Kf7 Rf3+
71. Kg6 Rg3+ 72. Kf6 Rg1 73. Re5 1-0

[Event "Ukrainian Championship Club's Teams"]
[Site "Alushta"]
[Date "2008.05.25"]
[Round "6.3"]
[White "Jakimov, Vladimir"]
[Black "Nosov, Maxim"]
[Result "1/2-1/2"]
[WhiteElo "2434"]
[BlackElo "2183"]
[PlyCount "83"]
[EventDate "2008.05.21"]

1. e4 c5 2. Nc3 Nc6 3. g3 d6 4. Bg2 g6 5. d3 Bg7 6. Be3 e5 7. Nge2 Nge7 8. f4
O-O 9. O-O Rb8 10. Qd2 Be6 11. fxe5 Nxe5 12. h3 f5 13. Bg5 Nf7 14. Be3 Ne5 15.
Kh2 Qd7 16. Bh6 Bxh6 17. Qxh6 d5 18. Qf4 N5c6 19. exd5 Nxd5 20. Nxd5 Bxd5 21.
Bxd5+ Qxd5 22. Nc3 Qd4 23. Qxd4 Nxd4 24. Rf2 Rbe8 25. a4 Re5 26. Nb5 Rfe8 27.
Kg2 Re2 28. c3 Rxf2+ 29. Kxf2 Re2+ 30. Kf1 Rh2 31. Re1 Nxb5 32. axb5 Rxb2 33.
c4 Kf7 34. Ra1 a6 35. bxa6 bxa6 36. Rxa6 Rd2 37. Rd6 Ke7 38. Rd5 Ke6 39. h4 h6
40. Kg1 g5 $11 41. h5 g4 42. Kf1 1/2-1/2

[Event "Ukrainian Championship Club's Teams"]
[Site "Alushta"]
[Date "2008.05.25"]
[Round "6.3"]
[White "Tichonov, Jiri"]
[Black "Golovlev, Nikolay"]
[Result "0-1"]
[WhiteElo "2156"]
[BlackElo "2336"]
[PlyCount "94"]
[EventDate "2008.05.21"]

1. e4 e6 2. d4 d5 3. e5 c5 4. c3 Nc6 5. Nf3 Bd7 6. a3 f6 7. Bd3 fxe5 8. dxe5
Qc7 9. O-O Nxe5 10. Bf4 Nxf3+ 11. Qxf3 Bd6 12. Qh5+ Kf8 13. Bxd6+ Qxd6 14. f4
Nf6 15. Qh4 Re8 16. Nd2 e5 17. fxe5 Rxe5 18. Rae1 Rxe1 19. Rxe1 c4 20. Bc2 Qb6+
21. Qd4 Qxd4+ 22. cxd4 Kf7 23. Nf3 Re8 24. Ne5+ Kg8 25. h3 Be6 26. Ba4 Re7 27.
Bc2 Bd7 28. Kf2 Be8 29. Re3 b5 30. g4 g5 31. Bf5 Kf8 32. Ke2 a5 33. Kd2 b4 34.
axb4 axb4 35. Kc2 Ra7 36. Kb1 Kg7 37. Nf3 h6 38. h4 Bg6 39. hxg5 Nxg4 40. gxh6+
Kf6 41. Bxg6 Nxe3 42. h7 Ra8 43. Ne5 Kg7 44. Kc1 c3 45. bxc3 bxc3 46. Kb1 c2+
47. Bxc2 Rb8+ 0-1

[Event "Ukrainian Championship Club's Teams"]
[Site "Alushta"]
[Date "2008.05.25"]
[Round "6.3"]
[White "Kolesov, Eugeny"]
[Black "Voronov, Yuri"]
[Result "0-1"]
[WhiteElo "2002"]
[BlackElo "2218"]
[PlyCount "74"]
[EventDate "2008.05.21"]

1. d4 Nf6 2. c4 g6 3. Nc3 d5 4. Bg5 Ne4 5. Bf4 Nxc3 6. bxc3 Bg7 7. Nf3 O-O 8.
e3 c5 9. Qb3 cxd4 10. cxd4 Qa5+ 11. Nd2 Bf5 12. Rc1 Nc6 13. cxd5 Nb4 14. a3
Nc2+ 15. Rxc2 Bxc2 16. Qxc2 Rac8 17. Qb2 Rc3 18. Qb4 Rc1+ 19. Ke2 Qxd5 20. Qxe7
Rc2 21. Qd6 Qa2 22. e4 Rfc8 23. Be3 R8c3 24. Qd8+ Bf8 25. Qd5 Qxd5 26. exd5
Rxa3 27. Kd1 Rb2 28. Kc1 Raa2 29. Nc4 Rb4 30. Nd2 Ra1+ 31. Kc2 a5 32. h4 a4 33.
Rh3 a3 34. Bf4 Rb2+ 35. Kc3 Rc1+ 36. Kd3 a2 37. d6 a1=Q 0-1

[Event "Ukrainian Championship Club's Teams"]
[Site "Alushta"]
[Date "2008.05.25"]
[Round "6.4"]
[White "Vovk, Yuri"]
[Black "Khadzh Khamed, Naser"]
[Result "1-0"]
[WhiteElo "2549"]
[BlackElo "2000"]
[PlyCount "107"]
[EventDate "2008.05.21"]

1. e4 e5 2. Nf3 Nc6 3. Bb5 a6 4. Ba4 Nf6 5. O-O d6 6. Re1 b5 7. Bb3 Be7 8. c3
O-O 9. d4 Bb7 10. Nbd2 h6 11. Nf1 Re8 12. Ng3 Bf8 13. a4 Na7 14. axb5 Nxb5 15.
d5 c5 16. Nd2 g6 17. Nc4 Rc8 18. Bd2 Kh7 19. Na5 Ba8 20. Nc6 Qb6 21. Bc4 Kg7
22. Qf3 Ng8 23. Ra2 Nc7 24. Rea1 Ne7 25. Bc1 Nxc6 26. dxc6 Re7 27. Qg4 Rce8 28.
Nf5+ Kh7 29. Nxe7 Rxe7 30. Qc8 Re8 31. Rxa6 Rxc8 32. Rxb6 f5 33. Ra7 Kh8 34. f3
f4 35. b4 cxb4 36. cxb4 g5 37. Ba3 h5 38. b5 g4 39. Rxc7 Rxc7 40. Rb8 Ra7 41.
Rxf8+ Kg7 42. Bxd6 g3 43. hxg3 fxg3 44. Rg8+ Kf6 45. Rxg3 Ra4 46. Bd5 h4 47.
Rg8 h3 48. Rf8+ Kg7 49. c7 Ra1+ 50. Kh2 hxg2 51. Kxg2 Bxd5 52. c8=Q Ra2+ 53.
Kg3 Be6 54. Bxe5+ 1-0

[Event "Ukrainian Championship Club's Teams"]
[Site "Alushta"]
[Date "2008.05.26"]
[Round "7.1"]
[White "Pavlov, Maxim"]
[Black "Ivanov, Oleg V"]
[Result "1/2-1/2"]
[WhiteElo "2342"]
[BlackElo "2475"]
[PlyCount "35"]
[EventDate "2008.05.21"]

1. e4 e5 2. Nf3 Nc6 3. Bb5 Nf6 4. O-O Nxe4 5. d4 Nd6 6. Bxc6 dxc6 7. dxe5 Nf5
8. Qxd8+ Kxd8 9. Nc3 Bd7 10. h3 Kc8 11. b3 Be7 12. Bb2 h5 13. Ne4 h4 14. Neg5
Be8 15. Rad1 a5 16. a4 b6 17. Rd3 Kb7 18. Rfd1 $11 1/2-1/2

[Event "Ukrainian Championship Club's Teams"]
[Site "Alushta"]
[Date "2008.05.26"]
[Round "7.2"]
[White "Razin, Vadim"]
[Black "Borovikov, Vladislav"]
[Result "1/2-1/2"]
[WhiteElo "2270"]
[BlackElo "2587"]
[PlyCount "98"]
[EventDate "2008.05.21"]

1. d4 d5 2. Nf3 Nf6 3. c4 c6 4. Nc3 a6 5. a4 e6 6. Bg5 Nbd7 7. e3 Qa5 8. Qc2
Ne4 9. Bf4 Bd6 10. Bg3 Bb4 11. Rc1 Nxg3 12. hxg3 Nf6 13. Ne5 c5 14. g4 cxd4 15.
exd4 Bd7 16. Nxd7 Nxd7 17. Be2 dxc4 18. Bxc4 Rc8 19. Be2 Nf6 20. Kf1 h6 21. Bf3
Rc7 22. g3 O-O 23. Kg2 Rd8 24. Qd2 Rcd7 25. Rxh6 gxh6 26. Qxh6 Bf8 27. Qxf6 Be7
28. Qh6 Qg5 29. Qxg5+ Bxg5 30. Rd1 Rxd4 31. Rxd4 Rxd4 32. Bxb7 a5 33. f4 Rb4
34. Ba6 Rxb2+ 35. Kf1 Be7 36. Bb5 Rb3 37. Ne4 Re3 38. Bc6 f5 39. gxf5 exf5 40.
Kf2 Rxe4 41. Bxe4 fxe4 42. Ke3 Kf7 43. Kxe4 Ke6 44. Kd4 Kd6 45. g4 Bf6+ 46. Kc4
$11 Kc6 47. g5 Bb2 48. Kb3 Bd4 49. Kc4 Bb2 1/2-1/2

[Event "Ukrainian Championship Club's Teams"]
[Site "Alushta"]
[Date "2008.05.26"]
[Round "7.3"]
[White "Nosov, Maxim"]
[Black "Efimenko, Zahar"]
[Result "0-1"]
[WhiteElo "2183"]
[BlackElo "2660"]
[PlyCount "66"]
[EventDate "2008.05.21"]

1. e4 c5 2. Nf3 d6 3. d4 cxd4 4. Nxd4 Nf6 5. Nc3 a6 6. Be3 e5 7. Nb3 Be6 8. f3
Nbd7 9. Qd2 Be7 10. O-O-O O-O 11. g4 b5 12. h4 Nb6 13. Bxb6 Qxb6 14. Nd5 Bxd5
15. exd5 a5 16. Kb1 a4 17. Nc1 b4 18. h5 Nd7 19. Bd3 h6 20. Qe2 Bg5 21. Bf5 Nf6
22. Qc4 Ra5 23. Qc6 Qb8 24. Rd3 a3 25. Nb3 Ra7 26. bxa3 Rxa3 27. Rhd1 Qa7 28.
Qxd6 Rxa2 29. Qxb4 Ra8 30. Qc3 Nd7 31. Be4 Nb6 32. d6 Rd8 33. Qc5 Rb2+ 0-1

[Event "Ukrainian Championship Club's Teams"]
[Site "Alushta"]
[Date "2008.05.26"]
[Round "7.4"]
[White "Oleksienko, Mikhailo"]
[Black "Andreev, Eduard"]
[Result "1-0"]
[WhiteElo "2592"]
[BlackElo "2459"]
[PlyCount "55"]
[EventDate "2008.05.21"]

1. e4 e6 2. d4 d5 3. Nd2 c5 4. Ngf3 cxd4 5. Nxd4 Nc6 6. Nxc6 bxc6 7. Bd3 Qc7 8.
Qe2 Bd6 9. Nf3 dxe4 10. Qxe4 Nf6 11. Qh4 Ba6 12. c4 Rd8 13. O-O Bxh2+ 14. Nxh2
Rxd3 15. b3 O-O 16. Bb2 e5 17. f4 Ne4 18. Ng4 Qb6+ 19. Kh2 f5 20. fxe5 Rg3 21.
Nf2 g5 $11 22. Qh5 Nxf2 23. Kxg3 Qe3+ 24. Qf3 f4+ 25. Kh2 g4 26. Qxe3 fxe3 27.
Bd4 g3+ 28. Kxg3 1-0

[Event "Ukrainian Championship Club's Teams"]
[Site "Alushta"]
[Date "2008.05.26"]
[Round "7.4"]
[White "Grekh, Andrey"]
[Black "Baleev, Konstantin"]
[Result "1-0"]
[WhiteElo "2397"]
[BlackElo "2312"]
[PlyCount "71"]
[EventDate "2008.05.21"]

1. e4 c6 2. d4 d5 3. e5 c5 4. dxc5 Nc6 5. Bb5 e6 6. Be3 Nge7 7. c3 Bd7 8. Bxc6
Bxc6 9. Nf3 Nf5 10. Bd4 a5 11. O-O Nxd4 12. cxd4 b6 13. Qd3 Rb8 14. Rc1 bxc5
15. dxc5 Qc8 16. Nd4 Be7 17. Nd2 O-O 18. b3 Qb7 19. Qc3 Qa6 20. a3 Rfc8 21. b4
Ba4 22. Rab1 Bg5 23. g3 Bh6 24. Rb2 Be8 25. Rcb1 Qa7 26. N2b3 a4 27. Nc1 Qe7
28. Nd3 f6 29. Re1 f5 30. b5 f4 31. c6 fxg3 32. hxg3 Qa7 33. Nxe6 Bg6 34. Ndc5
Qe7 35. Nd4 Rf8 36. Nd7 1-0

[Event "Ukrainian Championship Club's Teams"]
[Site "Alushta"]
[Date "2008.05.07"]
[Round "8.1"]
[White "Nosenko, Alexander"]
[Black "Dmitrenko, Viktor"]
[Result "1-0"]
[WhiteElo "2496"]
[BlackElo "2352"]
[PlyCount "79"]
[EventDate "2008.05.21"]

1. d4 Nf6 2. Nf3 g6 3. Bg5 Bg7 4. Nbd2 O-O 5. e4 d6 6. h3 c5 7. dxc5 dxc5 8. c3
Nc6 9. Bc4 Qc7 10. O-O Nh5 $11 11. Re1 h6 12. Be3 b6 13. Qc2 e6 14. Bf1 Bb7 15.
a4 Kh7 16. Nc4 Nf6 17. Bd2 Nd7 18. Kh1 Rad8 19. Rac1 Na5 20. Nxa5 bxa5 21. b4
c4 22. Be3 a6 23. Nd2 axb4 24. cxb4 c3 25. Nc4 f5 26. e5 Nxe5 27. Bb6 Qb8 28.
Bxd8 Nxc4 29. Be7 Re8 30. Rxe6 Bd5 31. Ree1 Qb7 32. Bc5 Be4 33. Bxc4 Bxc2 34.
Rxe8 Qd7 35. Ra8 g5 36. Bg8+ Kg6 37. Rxa6+ Bf6 38. Ra7 Qd8 39. Bf7+ Kg7 40.
Bb3+ 1-0

[Event "Ukrainian Championship Club's Teams"]
[Site "Alushta"]
[Date "2008.05.07"]
[Round "8.2"]
[White "Aveskulov, Valeriy"]
[Black "Sergeev, Vitalij"]
[Result "1/2-1/2"]
[WhiteElo "2535"]
[BlackElo "2111"]
[PlyCount "121"]
[EventDate "2008.05.21"]

1. e4 c5 2. Nf3 d6 3. d4 cxd4 4. Nxd4 Nf6 5. Nc3 a6 6. Be2 e5 7. Nb3 Be6 8. f4
Nbd7 9. f5 Bxb3 10. axb3 Rc8 11. Be3 d5 12. exd5 Bb4 13. O-O Nb6 14. Bf2 Bxc3
15. bxc3 Nbxd5 16. c4 Ne7 17. Qxd8+ Rxd8 18. Bb6 Rd7 19. g4 O-O 20. Rad1 h6 21.
h4 Nc8 22. Rxd7 Nxd7 23. Bc7 Re8 24. Rd1 Nf6 25. Bf3 e4 26. Be2 Ne7 27. h5 Nc6
28. c3 Ne5 29. Bxe5 Rxe5 30. Kg2 Re7 31. Rd4 Kh7 32. Kg3 a5 33. Kf4 Rc7 34. b4
axb4 35. cxb4 Re7 36. Rd8 g5+ $11 37. hxg6+ fxg6 38. fxg6+ Kxg6 39. Rd6 Re8 40.
b5 Re7 41. c5 e3 42. c6 bxc6 43. bxc6 Re4+ 44. Kf3 Re5 45. Rd4 Nd5 46. Re4 Kf6
47. Bc4 Nc7 48. Rf4+ Ke7 49. Rf7+ Kd6 50. Rf6+ Kc5 51. Bd3 Re6 52. Rxe6 Nxe6
53. Kxe3 Kxc6 54. Bc4 Ng7 55. Ke4 Kd6 56. Bb3 Ke7 57. Ke5 Kf8 58. Kf6 h5 59. g5
h4 60. Ke5 h3 61. Bd5 1/2-1/2

[Event "Ukrainian Championship Club's Teams"]
[Site "Alushta"]
[Date "2008.05.07"]
[Round "8.3"]
[White "Ivanov, Andrey A"]
[Black "Nosov, Maxim"]
[Result "1/2-1/2"]
[WhiteElo "2360"]
[BlackElo "2183"]
[PlyCount "87"]
[EventDate "2008.05.21"]

1. e4 c5 2. Nc3 Nc6 3. g3 g6 4. Bg2 Bg7 5. d3 d6 6. Be3 e5 7. Nge2 Nge7 8. Qd2
Be6 9. Bh6 Bxh6 10. Qxh6 Nd4 11. Nxd4 cxd4 12. Ne2 Qb6 13. Qc1 O-O 14. f4 f5
15. fxe5 dxe5 16. O-O fxe4 17. Rxf8+ Rxf8 18. Bxe4 Bh3 19. Qd2 Qxb2 20. Re1
Qxa2 21. Kh1 Rf2 22. Qb4 Nc6 23. Bxc6 bxc6 24. Qb8+ Rf8 25. Qxe5 Qxc2 26. Qxd4
Qd2 27. Qc3 Qe3 28. Qxc6 Bg4 29. Qc4+ Be6 30. Qe4 Qxe4+ 31. dxe4 Re8 32. Kg2 a5
33. Ra1 Ra8 34. Kf3 a4 35. Ra3 Bd7 36. Ke3 Rb8 37. Nc3 Rb4 38. Nd5 Rb3+ 39.
Rxb3 axb3 40. Kd3 Kf7 41. Kc3 Ke6 42. Kxb3 Ke5 43. Kc4 Be6 44. Kc5 $11 1/2-1/2

[Event "Ukrainian Championship Club's Teams"]
[Site "Alushta"]
[Date "2008.05.07"]
[Round "8.3"]
[White "Ivanov, Vladimir A"]
[Black "Majboroda, Evgenija"]
[Result "1-0"]
[WhiteElo "2142"]
[BlackElo "2029"]
[PlyCount "117"]
[EventDate "2008.05.21"]

1. e4 Nf6 2. e5 Nd5 3. Nc3 Nxc3 4. bxc3 d6 5. exd6 cxd6 6. d4 g6 7. Be3 Bg7 8.
Qd2 Qa5 9. Nf3 Nd7 10. Be2 Nf6 11. c4 Qxd2+ 12. Nxd2 Bd7 13. Rb1 Rb8 14. h3 O-O
15. O-O Rfc8 16. Rb4 b6 17. Rfb1 e5 18. c3 Bf5 19. R1b2 Re8 20. a4 Rbc8 21. Ra2
Bf8 22. d5 Rc7 23. a5 bxa5 24. Rxa5 Ra8 25. Rba4 Kg7 26. Bxa7 Bd7 27. Ra2 Be8
28. g3 Nd7 29. f4 f6 30. Ne4 Bf7 31. Kf2 h6 32. Ra6 f5 33. Nd2 Kg8 34. Be3 Rxa6
35. Rxa6 Rb7 36. Ra8 exf4 37. Bxf4 Rb8 38. Ra7 Nc5 39. Be3 Rc8 40. Bxc5 Rxc5
41. Nb3 Rc8 42. Nd4 Kg7 43. Rd7 Kf6 44. Ra7 Rb8 45. Ra6 Rc8 46. Ke3 Re8+ 47.
Kd3 Kg7 48. Ra7 Kf6 49. Nb5 Rd8 50. Ra6 Ke5 51. Nd4 Rc8 52. Bf3 Rc5 53. Ra8 Be7
54. Ra7 Kf6 55. Nc6 Bf8 56. Nb8 Rc8 57. Nd7+ Kg7 58. Nxf8 Kxf8 59. Rd7 1-0